Loading...
Biology of sensory systems /
| Main Author: | |
|---|---|
| Language: | Undetermined |
| Published: |
U. K. :
John Wiley & Sons Inc ,
2008.
|
| Edition: | 2nd ed. |
| Subjects: |
| LEADER | 00589nam a2200193Ia 4500 | ||
|---|---|---|---|
| 001 | 163140 | ||
| 008 | 170722s9999 xx 000 0 und d | ||
| 020 | |a 9780470518625 | ||
| 100 | |a Smith, C. U. M. | ||
| 245 | |a Biology of sensory systems / | ||
| 250 | |a 2nd ed. | ||
| 260 | |a U. K. : |b John Wiley & Sons Inc , |c 2008. | ||
| 300 | |a xiv+520 | ||
| 653 | |a Biology | ||
| 653 | |a Sensory System | ||
| 923 | |d 20091028 |n 6407 | ||
| 942 | |c GEN | ||
| 999 | |c 142227 |d 142227 | ||
| 952 | |0 0 |1 0 |4 0 |6 G_7_000000000000000_P8 |7 0 |9 201501 |a LIB |b LIB |d 2013-03-25 |e Ajith Book Stall |o G7 P8 |p 277738 |r 2017-08-12 |w 2017-08-12 |y GEN | ||